|
|
|
|
| LEADER |
00000nab a2200000 a 4500 |
| 001 |
vtls000797157 |
| 003 |
SK-MaSNL |
| 005 |
20260304113846.0 |
| 008 |
250429c2002 xo 0 slo |
| 015 |
|
|
|a SNBRB2002/06-19213
|
| 035 |
|
|
|a CLN000148812
|
| 035 |
|
|
|a urn:nbn:sk:snk-ab21gn
|
| 035 |
|
|
|a (urnnbn)urn:nbn:sk:snk:ar-a01eo0
|
| 035 |
|
|
|a (uuid)bbad9fc5-1dc0-4284-b337-aadba8b73fbc
|
| 040 |
|
|
|a SNKBUCL
|b slo
|c SNKBUCL
|e AACR2
|
| 041 |
0 |
|
|a slo
|
| 044 |
|
|
|a xo
|c SK
|
| 080 |
|
|
|a 78:061.5
|2 1997
|
| 080 |
|
|
|a 655.413:78
|2 1997
|
| 100 |
1 |
|
|a Smetanová, Oľga
|4 aut
|9 1032940
|
| 245 |
1 |
0 |
|a Slovenský stánok na Medzinárodnom hudobnom veľtrhu MIDEM v Cannes
|c Oľga Smetanová
|
| 300 |
|
|
|b Fotogr.
|
| 611 |
1 |
7 |
|a MIDEM
|n 36.
|d 2002
|c Cannes, Francúzsko
|z Slovensko
|x účasť
|2 snkbucl
|9 851521
|
| 650 |
0 |
7 |
|a priemysel hudobný
|2 snkbucl
|9 851522
|
| 655 |
|
7 |
|a články z novín a časopisov
|2 snkbucl
|9 267496
|
| 773 |
0 |
|
|t Hudobný život
|g Roč. 34, č. 4 (2002), s. 33-34
|x 1335-4140
|
| 850 |
|
|
|a Slovenská národná knižnica
|
| 852 |
|
|
|a Slovenská národná knižnica
|
| 954 |
|
|
|a odborná, vedecká literatúra pôvodná (slovenská)
|2 lita
|
| 958 |
|
|
|a article27
|
| 958 |
|
|
|a OND
|
| 958 |
|
|
|a SK
|
| 958 |
|
|
|a FR
|
| 958 |
|
|
|a EUIPO
|
| 992 |
|
|
|a RBX
|
| 999 |
|
|
|c 2871021
|d 2872951
|